[Event "RUS-chT 05th"]
[Site "Maikop"]
[Date "1998.06.07"]
[Round "5"]
[White "Rodin, Mihail"]
[Black "Belozerov, Andrei"]
[Result "1-0"]
[WhiteElo "2390"]
[BlackElo "2460"]
[Annotator "Ribli,Z"]
[PlyCount "69"]
[EventDate "1998.06.03"]
[EventType "team-tourn"]
[EventRounds "11"]
[EventCountry "RUS"]
[SourceTitle "CBM 066"]
[Source "ChessBase"]
[SourceDate "1998.09.30"]
[SourceVersion "1"]
[SourceVersionDate "1998.09.30"]
[SourceQuality "1"]
[WhiteTeam "Saratov GShK"]
[BlackTeam "Tomsk 400"]
[WhiteTeamCountry "RUS"]
[BlackTeamCountry "RUS"]

1. e4 c5 2. Nf3 e6 3. d4 cxd4 4. Nxd4 Nc6 5. Nb5 d6 6. Bf4 {Das war einst eine
beliebte Waffe Fischers. Weiß verliert zwar Zeit, schwächt aber dem Schwarzen
das Feld d5. Ribli.} (6. c4 {Das ist die weiße Hauptalternative. Es ist eine
typische Igelstellung entstanden. Weiß kontrolliert mehr Raum, aber Schwarz
hat eine feste Stellung. Der schwarze Springer stünde dabei besser auf d7.})
6... e5 7. Be3 a6 (7... Nf6) (7... Be6) 8. N5c3 Nf6 9. Bc4 Be7 10. Nd5 Nxd5 11.
Bxd5 O-O {[%csl Gd5] Weiß entfaltet starke Kontrolle über das Feld d5, aber
bei genauem Spiel kann Schwarz diese einzige Schwäche überstehen.} 12. O-O (12.
Qd2 Be6 13. Nc3 Rc8 14. O-O Qc7 (14... b5 15. a3 (15. a4 b4 16. Ne2 Qc7 {
[%cal Gc8c2]} 17. Rfc1 Qb8 18. a5 $6 Bd8 {[%csl Ra5]} 19. Ra4 Qb5 $13) 15...
Qc7 16. Rfc1 Na5 17. a4 b4 18. Na2 Bxd5 19. Qxd5 Nc4 20. Nxb4 a5 21. Nd3 Nxe3
22. fxe3 Bg5 23. Kh1 Bxe3 24. Re1 Bb6 25. Re2 g6 {Ninov,N-Horvath,J/Odorheiu
Secuiesc zt 1995/1/2-1/2 (53)}) 15. a4 Na5 16. Qd3 Nc4 17. Bc1 Rfe8 18. Bxe6
fxe6 19. Qh3 Bf6 20. Rd1 Na5 21. Be3 Nc4 22. Bc1 Na5 23. Be3 Nc4 {1/2-1/2
Bacrot,E-Taimanov,M/Cannes Generations 1998}) (12. Na3 Kh8 (12... Bg5 $5 13.
Nc4 Bxe3 14. Nxe3 Qb6 {[%csl Gb6]} 15. Rb1 Ne7 16. O-O Nxd5 17. Nxd5 Qd8 {
Auf den ersten Blick steht Weiß dank seines starken Springers auf d5 überlegen,
aber mit weißfeldrigem Läufer kann Schwarz die Stellung halten. Hätte Schwarz
den schwarzfeldrigen Läufer, wäre die Lage hingegen viel günstiger für Weiß.}
18. Qd2 Be6 19. Rbd1 Rc8 20. c3 Rc5 21. Ne3 Rc6 $11) (12... Nb4 13. Bb3 b5 14.
O-O $14) 13. O-O f5 14. f3 Rb8 $1 15. c3 Bd7 16. Nc2 $2 f4 $1 17. Bf2 Rf6 18.
Ne1 Rh6 19. Nd3 Qe8 $40 {Muellner,I-Gefenas,V/corr 1997}) (12. Nc3 Be6 13. O-O
Qc7 14. Bb3 Rac8 15. Nd5 Bxd5 16. Bxd5 Nb4 17. c3 Nxd5 18. Qxd5 Qc6 19. Rfd1
Qxd5 20. Rxd5 f5 $1 21. exf5 Rxf5 $11) 12... Be6 {Das ist ein typisches Motiv.
Natürlich hat Schwarz keine Angst vor 13.Bxe6 fxe6. Der Bauer e6 kontrolliert
dann das Feld d5 und die Doppelbauern sind in diesem Fall natürlich nicht
schwach.} (12... Kh8 $5 13. Nc3 f5 (13... Bg5 14. Qh5 f6 15. Bb3 g6 16. Qe2 Nd4
17. Qd2 Bg4 18. f4 Nxb3 19. axb3 Bh6 20. h3 Be6 21. Rad1 exf4 22. Bxf4 Qb6+ 23.
Kh1 Bxf4 24. Qxf4 Rad8 {Osterman,G-Krnic,Z/Helsinki 1990/1/2-1/2 (48)}) 14.
exf5 Bxf5 15. a3 Qe8 16. Be4 Qg6 17. Bxf5 Rxf5 18. Nd5 Raf8 19. Qd3 Bg5 20.
Rad1 Qf7 21. Bxg5 Rxg5 22. f4 Rf5 23. fxe5 Rxf1+ 24. Rxf1 Qxf1+ 25. Qxf1 Rxf1+
26. Kxf1 Nxe5 {Hera,I-Murzin,L/FS04 IM 1998/1/2-1/2 (49)}) 13. Na3 $5 {[%csl
Yb6][%cal Ga3c4,Gc4b6] So kann Weiß c2-c3 ziehen und den Springer über c4 ins
Spiel bringen.} (13. Nc3 $14 {Weiß kontrolliert stark das Feld d5. Das Problem
ist aber, daß Schwarz nie freiwillig auf d5 tauscht und nach Bxe6 fxe6 das
Feld d5 gedeckt ist.}) 13... Rc8 14. c3 $14 {[%csl Gd5] Weiß beherrscht d5,
während das Feld d4 im eigenen Lager gedeckt ist.} (14. Nc4 {[%csl Yb6]} Nd4
15. Bxd4 exd4 (15... Bxd5 $2 16. Bb6 $18 (16. exd5 Rxc4 $11)) 16. Qxd4 Bf6 17.
Qd3 Bxd5 18. Qxd5 b5 $132) 14... b5 15. Nc2 {[%csl Gc2][%cal Gc2e3,Ge3d5] Der
Springer steht elastisch auf c2, hat in der Zukunft viele Möglichkeiten. In
einigen Varianten droht Weiß a2-a4.} Na5 {[%csl Yc4][%cal Ga5c4,Gc4b2,Gc4e3]}
16. b3 $5 {Das schwarze Springermanöver 16...Nc4 wäre für Weiß unangenehm,so
opfert er einen Bauern.} Rxc3 $6 (16... Bxd5 $5 17. Qxd5 Rxc3 18. Nb4 $44 {
[%csl Ra5,Ra6,Gb4,Gd5,Re7][%cal Rb4a6] und Weiß hat aktives Figurenspiel für
den geopferten Bauern.}) 17. Nb4 $44 {[%csl Ra5,Gb4,Gd5][%cal Rb4a6] Weiß hat
ausgezeichnete Kompensation. Er hat ewige Kontrolle über das Feld-d5 und
entfaltet Initiative gegen die passive schwarze Stellung.} Rxe3 $6 {Schwarz
zeigt, daß er auch Material opfern kann. Leider löst das Qualitätsopfer nicht
seine Probleme.} (17... Qc8 18. Qd2 $14 {[%csl Ra5,Gb4,Gd5,Re7][%cal Gf1c1]})
18. fxe3 {[%csl Ra5,Gd5]} Qb6 {[%cal Rb6g1]} 19. Qd2 Bg5 20. Rfe1 $14 Nb7 (
20... Rc8 $5 21. Rac1 Rxc1 22. Qxc1 Nb7) 21. Nc6 a5 $6 {Schwarz möchte b3-b4
verhindern, was aber nur zu neuen Schwächen am Damenflügel führt.} (21... Rc8
22. Rac1 $14 {[%cal Gc1c8]}) (21... Nc5 22. b4 Na4 23. Rac1 $14) (21... Bxd5
22. Qxd5 Bxe3+ 23. Kh1 {[%csl Gc6,Gd5]}) 22. a3 Bxd5 23. Qxd5 Bxe3+ 24. Kh1 $16
{[%csl Gc6,Gd5] Schwarz hat zwei Bauern für die Qualität, Weiß entfaltet aber
besonders auf den weißen Feldern gefährliches Spiel.} Bg5 25. b4 $1 {[%csl Rb7]
Jetzt ist der schwarze Springer b7 in seiner Beweglichkeit eingeschränkt.} a4 (
25... axb4 26. axb4 $16 {[%cal Ga1a8]}) 26. Rf1 {[%csl Gf1,Rf7][%cal Gf1f8]} g6
27. Rf3 {[%cal Ga1f1,Gf1f7] Weiß schafft noch keine konkreten Drohungen, aber
Schwarz kann praktisch nur warten. Der Textzug bereitet die Turmverdoppelung
in der f-Linie vor und verhindert für alle Fälle das Eindringen schwarzer
Figuren auf e3.} Kg7 28. Raf1 {[%csl Rf7][%cal Rf1f7]} f6 {[%csl Rg7] Diese
Schwächung des schwarzen Königsflügels ist erzwungen.} (28... Qc7 $2 29. Qxb5)
29. g3 Rf7 30. h4 {[%csl Rg5]} Be3 (30... Bh6 31. Kh2 $16 {Droht eventuell 32.
Qe6 Qxc6 33.Rxf6.}) 31. Kh2 h5 {[#]} 32. Qxf7+ $3 $18 {Ein schönes Damenopfer!
Schwarz hat keine Verteidigung.} Kxf7 33. Rxf6+ Ke8 (33... Kg7 34. Rf7+ Kh6 35.
Ne7 {[%csl Rh6][%cal Re7g8,Rg8h6]} Qd8 (35... g5 36. R1f6#) 36. R1f6 $18) 34.
Rf8+ Kd7 35. R1f7+ (35. R1f7+ Kxc6 (35... Ke6 36. Re7# {[%csl Re6]}) 36. Rc8+ {
[%csl Rc6]} Qc7 37. Rcxc7+ Kb6 38. Rxb7+ $18) 1-0

[Event "Leon"]
[Site "Leon"]
[Date "1994.??.??"]
[Round "9"]
[White "Sion Castro, Marcelino"]
[Black "Ljubojevic, Ljubomir"]
[Result "0-1"]
[WhiteElo "2380"]
[BlackElo "2600"]
[Annotator "Ribli,Z"]
[PlyCount "82"]
[EventDate "1994.05.??"]
[EventType "tourn"]
[EventRounds "9"]
[EventCountry "ESP"]
[EventCategory "12"]
[SourceTitle "CBM 042"]
[Source "ChessBase"]
[SourceDate "1994.10.01"]
[SourceVersion "1"]
[SourceVersionDate "1994.10.01"]
[SourceQuality "1"]

1. e4 {Franco} c5 2. Nf3 e6 3. d4 cxd4 4. Nxd4 Nc6 5. g3 Nxd4 (5... Bc5 $5 6.
Nb3 Be7 7. Bg2 Nf6 8. O-O d6 9. c4 $10 {Fernandez Garcia,J-Kasparov,G/Dubai ol/
1986/} (9. Qe2 Qc7 10. Be3 O-O $13 {Sherzer,A-Benjamin,J/New York Hudson/1993/
CBM35/})) 6. Qxd4 Ne7 7. Bg2 Nc6 8. Qd1 (8. Qd2 $5) 8... Bc5 (8... b5 $6 9. O-O
Be7 10. Nc3 Ba6 11. Re1 O-O 12. a3 $14 {Pablo Marin,A-Taimanov,M/Sevilla/1987/}
) 9. O-O h5 $5 (9... O-O {Franco} 10. Bf4) 10. Nc3 (10. h4 Ne5 11. Nc3 a6 12.
Qe2 Qc7 $13) 10... h4 11. Na4 Be7 12. c4 hxg3 13. hxg3 b6 14. Bf4 Ba6 15. Rc1
Rc8 16. b3 (16. Bd6 Bxd6 17. Qxd6 Qe7 18. Rfd1 Qxd6 19. Rxd6 Ke7 $15) 16... b5
17. cxb5 Bxb5 18. Re1 Bb4 19. Nc3 (19. Bd2 Bxa4 20. bxa4 Qa5 21. Bxb4 Qxb4 22.
e5 O-O 23. Bxc6 (23. Qxd7 $2 Rfd8 $17) 23... dxc6 $15) 19... Ba6 20. Bd6 Qa5
21. Re3 (21. Bxb4 Nxb4 $13) 21... Ne5 22. Bxb4 Qxb4 23. a3 (23. Nd5 $6 Rxc1 24.
Qxc1 exd5 25. exd5 Qd4 26. f4 (26. Qe1 Rh5 $1 27. Bf3 Rg5 $19) 26... O-O 27.
fxe5 Rc8 28. Qe1 Rc2 $17) 23... Qe7 24. a4 g5 $1 25. Nb5 Rxc1 26. Qxc1 Bxb5 27.
axb5 g4 28. Rc3 (28. Qc8+ Qd8 29. Qxd8+ Kxd8 30. Rc3 Ke7 $1 31. Rc7 Rb8 32.
Rxa7 Rxb5 $17) 28... Kf8 (28... O-O $1 {Franco}) 29. Rc7 (29. Rc8+ Kg7 30. Rxh8
Kxh8 31. Qh6+ (31. Qc7 {Franco} Qg5 $13) 31... Kg8 $15) 29... Kg7 30. Qc3 (30.
Rxa7 Rb8 $44) (30. Rxa7 {Franco}) 30... f6 31. Rxa7 Rb8 $1 32. Bf1 (32. Ra5 Qd6
$17) 32... Nf3+ 33. Kg2 Rh8 34. Bc4 Qd6 $1 35. Ra1 Rh2+ 36. Kf1 Qc5 37. Ra2 Qd6
38. Ra1 Qc5 39. Ra2 Nd4 $1 40. Rd2 (40. Ke1 Rh1+ 41. Kd2 Nf3+ $19) 40... Rh1+
41. Kg2 Qh5 0-1

[Event "Beersheba"]
[Site "Beersheba"]
[Date "1996.??.??"]
[Round "6"]
[White "Shmuter, Leonid"]
[Black "Tunik, Gennady"]
[Result "0-1"]
[WhiteElo "2490"]
[BlackElo "2475"]
[Annotator "Ribli,Z"]
[PlyCount "114"]
[EventDate "1996.03.??"]
[EventType "tourn"]
[EventRounds "11"]
[EventCountry "ISR"]
[EventCategory "10"]
[SourceTitle "CBM 053"]
[Source "ChessBase"]
[SourceDate "1996.08.01"]
[SourceVersion "1"]
[SourceVersionDate "1996.08.01"]
[SourceQuality "1"]

1. e4 c5 2. Nf3 e6 3. d4 cxd4 4. Nxd4 Nc6 5. Nb5 {Nach diesem Zug bekommt die
Stellung den folgenden Charakter: Weiss hat Raumvorteil, die schwarze Stellung
ist sehr elastisch.} d6 6. c4 Nf6 7. N1c3 a6 8. Na3 Be7 9. Be2 b6 10. O-O Bb7
11. Be3 Ne5 {Soll Schwarz mit diesem Zug f4 provozieren oder nicht?} (11... O-O
$5) (11... Nb8) 12. f4 Ned7 13. Bf3 O-O 14. Qe2 {Wir sehen jetzt eine typische
Igel-Stellung.} Re8 (14... Rc8 15. g4 $6 h6 16. h4 {[#]} d5 $5 (16... Nh7 $5)
17. exd5 Bxa3 18. bxa3 Nxd5 $1 19. cxd5 Rxc3 $132 {Shmuter,L-Milov,L/Pardubice
op/1993/}) 15. Rfd1 (15. g4 $6 h6 16. h4 Nh7 $1 $132) 15... Qc7 (15... h6 $5)
16. Rac1 Rac8 17. Bf2 (17. g4 h6 18. h4 Nh7 $1 {[#] Dieser Zug ist fuer
derartige Stellungen typisch.} 19. Qh2 g5 $5 $13 {Gallaegher,J-Suetin,A/
Hastings op/1990/EXP21/INF51,177/}) 17... Qb8 {Beide Spieler wollen fuer ihre
Figuren den optimalen Platz finden.} 18. Bg3 {Droht /\ e5} Nf8 19. Kh1 N6d7 20.
Nc2 Ng6 {Die schwarzen Springer nach d7 und g6 zu bringen, ist eine
interressante Idee von Romanischin.} 21. Ne3 Qa8 {>< e4} 22. Nc2 Nf6 23. Nd4
Bf8 24. e5 {Der Anziehende denkt, dass seine Figuren gut stehen und er die
Stellung verschaerfen kann.} Bxf3 25. Nxf3 dxe5 26. Nxe5 (26. fxe5 Nh5 $13)
26... Bb4 {/\ Bxc3 nebst Ne4} (26... Nxe5 $4 27. fxe5 $18) 27. Na4 Qb7 {/\ b5}
28. Qf3 Qxf3 29. gxf3 {Weiss spielt eine interressante Idee: Fuer seine
schwache Bauernstruktur am Koenigfluegel bekommt er eine starke Initiative am
Damenfluegel.} (29. Nxf3 b5 $1 $132) 29... Bc5 (29... b5 30. Nb6 $36) 30. Nxc5
bxc5 31. Rd6 a5 32. Nc6 a4 33. Rcd1 h5 $5 {[#] Dieser Zug hat zwei Ziele: 1.
Schwarz will seine Grundlinie sichern. 2.Er kann spaeter mit weiterem Vorstoss
-h4,h3- den weissen Koenig in eine schwierige Lage versetzen.} 34. Bf2 Kh7 35.
b3 (35. Bxc5 Nh4 (35... Ne7 36. Nxe7 Rxc5 37. Rc6 $1 $16) 36. b4 axb3 37. axb3
Nf5 38. b4 Nxd6 39. Rxd6 $44) 35... axb3 36. axb3 Ne7 $1 37. Ne5 Nf5 $1 38. Rb6
Re7 39. Rb5 Rec7 40. Kg2 (40. Nd3 Rd7 $132) 40... h4 41. Kf1 Nh5 42. Nd7 Ra8 $1
(42... Rd8 $2 43. Nf6+ $18) 43. Nxc5 $2 (43. Rxc5 $5 {Weiss sollte einen Turm
tauschen, um den gegnerischen Angriff zu entschaerfen und auch den Weg für
seine Damenfluegelbauern frei zu machen.} Rxc5 44. Nxc5 (44. Bxc5 Ra2 $40 45.
Bg1 $4 Nhg3+ 46. hxg3 Nxg3+ 47. Ke1 Re2#) 44... Nxf4 45. b4 $36) 43... Ra2 44.
Ne4 $6 (44. Nd3 $5) 44... Nxf4 45. Nd6 $2 Nh3 46. Bg1 (46. Bb6 Rd7 47. Rxf5
exf5 48. c5 $4 Rf2+ 49. Ke1 Re7+ $19) 46... Nxd6 47. Rxd6 Ra1+ 48. Kg2 Nxg1 49.
Rd2 Rc1 50. Rh5+ Kg6 51. Rxh4 f5 52. Rhd4 e5 53. Rd5 Kg5 $1 54. Rxe5 Kf4 55.
Re6 Nxf3 56. Rf2 Rg1+ 57. Kh3 g5 $1 {Ribli} 0-1

[Event "Dortmund m"]
[Site "Dortmund"]
[Date "2001.07.14"]
[Round "3"]
[White "Naiditsch, Arkadij"]
[Black "Skripchenko, Almira"]
[Result "1/2-1/2"]
[WhiteElo "2524"]
[BlackElo "2494"]
[Annotator "Ribli,Z"]
[PlyCount "111"]
[EventDate "2001.07.12"]
[EventType "match"]
[EventRounds "10"]
[EventCountry "GER"]
[SourceTitle "CBM 085"]
[Source "ChessBase"]
[SourceDate "2001.11.13"]
[SourceVersion "1"]
[SourceVersionDate "2001.11.13"]
[SourceQuality "1"]

1. e4 c5 2. Nf3 e6 3. d4 cxd4 4. Nxd4 Nc6 5. Nb5 {Gewöhnlich spielt man hier 5.
Nc3.} d6 6. c4 {Die Alternative wäre 6.Bf4 e5 7.Be3. Dabei würde Weiß zwar
Zeit verlieren (mit 6.Bf4, 7.Be3), aber Schwarz müsste das Feld d5 schwächen.
Der Textzug verschafft Weiß Raumgewinn.} Nf6 7. N1c3 a6 8. Na3 {Der Springer
steht nicht besonders glücklich auf a3. Nach 8.Nd4 könnte Schwarz jedoch
seinen Nc6 abtauschen.} (8. Nd4) 8... Be7 9. Be2 O-O 10. O-O b6 {Wir haben
eine Igelstellung erreicht. Weiß kontrolliert mehr Raum, aber die schwarze
Stellung ist solide. Ich möchte anmerken, dass der schwarze Aufbau in letzter
Zeit sehr populär ist.} 11. Be3 (11. f4) 11... Ne5 {Schwarz möchte die
Stellung seines Springers verbessern - er strebt nach d7, und das ist in der
Tat der beste Platz für ihn.} (11... Bb7 12. Qb3 Nd7 13. Rfd1 Nc5 14. Qc2) 12.
f3 {Das ist eine solide Fortsetzung. Der Textzug festigt die Zentrumsstellung.}
(12. f4 Ned7 13. Bf3 Bb7 14. Qe2) 12... Ned7 13. Qd2 Bb7 14. Rfd1 Qc7 15. Rac1
Rac8 16. Qe1 (16. Bf1 {[%cal Gd2f2,Gf2b6]}) 16... Rfe8 {Gewöhnlich müssen die
Türme in dieser Variante auf c8 und e8 stehen, denn Schwarz muss hier darum
bemüht sein, nach Möglichkeit den Durchbruch d6-d5 durchzusetzen.} (16... Qb8
17. Qf2 Rc7 (17... Bd8 18. Kh1 (18. g3 Bc7 19. Rd2 h5 20. Nc2 Rfe8 21. Rcd1 Ba8
{1/2-1/2 Sammalvuo,T-Spangenberg,H/Bratislava 1993/TD (60)}) 18... Re8 19. Bf4
Bc7 20. Qg1 d5 $5 21. Bxc7 Rxc7 22. Bd3 $13 {1-0 De Hoyos,I-Barrios,F/
Cartagena de Indias 2000/EXT 2001 (38)}) 18. Nab1 Rfc8 19. Kh1 Ba8 20. Qf1 Ne5
21. b3 Nfd7 22. Na4 Nc5 {0-1 Nikulin,A-Novgorodskij,V/Nizhnij Novgorod 1999/
EXT 2001 (53)}) 17. Kh1 (17. Qf2 Qb8 (17... Ba8 18. Nc2 Qb8 19. Nd4 Kh8 20. Kh1
Rg8 $6 21. b4 g5 22. Nb3 Rg6 23. Na4 Rc6 24. c5 {1-0 Sulskis,S-Grabliauskas,V/
Vilnius 1995/CBM 49 ext (45)}) 18. g4 g6 19. Bd4 d5 20. cxd5 exd5 21. exd5 b5
22. Ba7 Qa8 23. d6 Bd8 24. g5 Nh5 25. Ne4 Rxc1 26. Rxc1 Nf4 27. Bf1 Ne5 28.
Nf6+ Bxf6 29. gxf6 Nxf3+ 30. Kh1 Ng5+ 31. Kg1 Ngh3+ {0-1 Girinath,P-Fogarasi,T/
Oakham 1988/TD (31)}) 17... Qb8 18. Qg1 {Das scheint mir ein recht
bescheidener Platz für eine Dame zu sein.} (18. Qf2 Bd8 19. Nab1 (19. Qg1 $2
Bc7 20. Nc2 Kh8 21. Nb4 Rg8 22. Bd4 g5 23. Na4 a5 24. Nc2 Bc6 25. Nc3 Rg6 26.
Na3 Bd8 27. Nab5 Be7 28. Bd3 Rcg8 29. e5 dxe5 30. Bxg6 Rxg6 $44 {0-1 Slobodjan,
R-Schlosser,P/Munich 1993/TD (34)}) 19... Bc7 20. b4 Rcd8 21. Na4 d5 22. Nxb6
Nxb6 23. Bxb6 Bxh2 {0-1 O'Donnell,T-Kiik,K/Manila 1992/TD (38)}) 18... d5 $5 {
[%mdl 4] Schwarz opfert einen Bauern und öffnet die Stellung.} 19. cxd5 exd5
20. exd5 (20. Nxd5 Nxd5 (20... Rxc1 $2 21. Nxe7+ Rxe7 22. Rxc1 $16) 21. Rxc8 (
21. exd5 $6 Rxc1 22. Rxc1 Bxa3 23. bxa3 Qe5 {[%cal Re8e2]} 24. Bf2 Qxd5 $11 (
24... Qxe2 $5 25. Re1 Bxd5 26. Rxe2 Rxe2 $16)) 21... Rxc8 22. exd5 b5 $44 (
22... Bxa3 23. bxa3 Rc2 $13)) 20... b5 {[%csl Ra3,Rc3][%cal Rb5b4,Rb4a3,Rb4c3,
Gc8c1,Ge8e2] Es droht 21...b4. Schwarz hat zwar in der Tat einen Bauern
weniger, dafür ist sein Figurenspiel ausgezeichnet, und der weiße Mehrbauer
auf d5 ist gut blockiert. Jetzt sieht man deutlich, warum Schwarz die Türme
auf c8 und e8 platzieren sollte.} (20... Bxa3 21. bxa3 Qd6) 21. d6 $6 {Weiß
gibt den Bauern freiwillig zurück - das ist eine keineswegs zwingende
Entscheidung.} (21. Nc2 Bd6 $44 (21... b4 22. Ne4 Nxd5 23. Bxa6 $14)) 21...
Bxd6 $15 {Nun hat Schwarz ausgezeichnetes Figurenspiel - bei materiellem
Gleichstand.} 22. Nc2 b4 23. Ne4 {Weiß verliert (opfert?) einen Bauern. Guter
Rat war hier aber schon teuer.} (23. Nb1 Nd5 24. Ba7 Bxh2 $17) 23... Nxe4 24.
fxe4 Nf6 (24... Bxe4 25. Nd4 Rxc1 26. Rxc1 Qb7 $17) 25. Nd4 Rxc1 (25... Nxe4
$17) 26. Rxc1 Bxe4 $17 {[%csl Gb8,Gd6,Ge4,Rg1,Rh1] Weiß hat einen Bauern
weniger - ohne Kompensation.} 27. Bf3 (27. Bxa6 $2 Ng4 $19 {[%csl Rg1,Rh1]})
27... Bxh2 $5 {Damit gewinnt Schwarz einen weiteren Bauern.} (27... h6) (27...
Qb7 28. Nf5 Be5 $17) 28. Qxh2 Qxh2+ 29. Kxh2 Bxf3 30. gxf3 (30. Bd2 Bd5 31.
Bxb4 Bxa2 $19) (30. Nxf3 Rxe3 $19) 30... Rxe3 31. Rc4 {Nach Vereinfachungen
hat Weiß zwei Bauern weniger, aber er bekommt etwas Gegenspiel, da die
schwarzen Bauern am Damenflügel angreifbar sind.} a5 32. Rc8+ Re8 $6 (32... Ne8
$5) 33. Rxe8+ (33. Rc5 $17) 33... Nxe8 {[%mdl 4096]} 34. Nc6 {[%csl Gc6][%cal
Rc6a5] Mit diesem Zug gewinnt Weiß einen Bauern zurück.} Nc7 35. Nxa5 Nd5 36.
Nc6 f6 37. a3 bxa3 38. bxa3 {[%csl Ga3] Schwarz hat noch einen Mehrbauern,
aber die Realisierung des Vorteils ist inzwischen schwierig - Weiß hat einen
entfernten Freibauern auf a3, und die schwarzen Bauern am Königsflügel sind
noch nicht gefährlich.} Nb6 {[%cal Gb6a4] Schwarz blockiert den a-Bauern.} 39.
Kg3 Kf7 40. Nd4 {Der Textzug verhindert das Annähern des schwarzen Königs über
e6.} g6 (40... Ke7 41. Nf5+) 41. Kf4 Ke7 42. Ke4 {[%csl Gd4,Ge4] Die weißen
Figuren sind gut zentralisiert.} Kd6 (42... h5 43. f4 f5+ $2 44. Nxf5+ gxf5+
45. Kxf5 Nd5 46. Kg5 Nf6 47. a4 $11) 43. f4 Nd7 (43... f5+ 44. Nxf5+ (44. Kf3
Kd5 $17) 44... gxf5+ 45. Kxf5 Ke7 (45... Nd7 46. a4 $11) 46. Kg5 Kf7 47. Kh6
Kg8 48. f5 Nd5 49. a4 $11) 44. Ke3 (44. f5 $2 Nc5+ 45. Ke3 g5 $19) 44... Nc5 (
44... f5 $5 $17) 45. Nb5+ Kc6 46. Nc3 {Es ist nicht leicht für Schwarz, weiter
voranzukommen. Auf 46...Kb6 folgt 47.Nd5+, auf 46...f5 antwortet Weiß 47.Kd4.}
h5 47. Kf3 Kd6 48. a4 g5 49. fxg5 fxg5 50. a5 {[%csl Ga5] Droht 51.a6 Nxa6 52.
Ne4+ mit Remis.} Ke5 51. Kg3 Kd4 (51... Kf5 $1 $17) 52. Ne2+ Kc4 $2 (52... Ke4
$1 $17) 53. a6 $1 Nxa6 54. Nf4 $11 {[%csl Rg5,Rh5] Schwarz hat zwei Bauern
mehr, aber sein Springer steht zu weit abseits vom Geschehen.} h4+ (54... gxf4+
55. Kxf4 $11 {Und Schwarz kann seinen h-Bauern nicht verteidigen.}) 55. Kg4
gxf4 56. Kxf4 1/2-1/2